000 00472nam a2200145Ia 4500
008 100122s9999 xx 000 0 und d
082 _b41788
_a823
100 _aरांगणेकर कुमुदिनी
245 _aआग्यावेेताळ
260 _bगुलमोहर पब्लिकेशन्स
_c1905
300 _a140
630 _aआग्यावेेताळ
730 _aआग्यावेेताळ
942 _cBOOK
999 _c422331
_d422328